Deutsche Fernsehsendungen A-Z - Statistiken

Allgemein
  • Dieses Quiz wurde 109 mal gespielt
  • Das Durchschnittsergebnis liegt bei 14 aus 26
Antwortstatistiken
# Sender Hinweis Sendung % Korrekt
D RTL Musik-Castingshow mit dem Poptitan Deutschland sucht den Superstar
97%
B ZDF Verkäufer ersuchen um Händlerkärtchen Bares für Rares
92%
G ProSieben Castingshow mit Heidi Klum Germany's Next Topmodel
91%
L RTL Tanzshow mit Prominenten Let's Dance
90%
A ZDF Ungeklärte Kriminalfälle werden präsentiert Aktenzeichen XY...ungelöst
88%
H ZDF Nachrichtensendung des ZDF Heute
87%
V Das Erste Streicheshow mit versteckter Kamera Verstehen Sie Spaß?
79%
S Das Erste / KiKa Einschlafgeschichten für Kinder Sandmännchen
76%
T ProSieben TV-Comedysendung mit Stefan Raab und später Sebastian Pufpaff TV Total
66%
I NDR/Das Erste Late Night-Talkshow aus der Kneipe "Zum Schellfischposten" Inas Nacht
64%
U RTL Firmenchefs werden verkleidet ins eigene Unternehmen eingeschleust Undercover Boss
59%
W ZDF "Größte Fernsehshow Europas" Wetten, dass..?
59%
X RTL / Vox Musik-Castingshow X Factor
51%
E Das Erste Satireshow mit "realem Irrsinn" Extra 3
48%
C ProSieben Late Night Show mit Joko & Klaas Circus HalliGalli
45%
N RTL / Sat 1 Kuppelsendung mit Kai Pflaume Nur die Liebe zählt
43%
Q ProSieben Stand Up-Show von Thomas Hermanns Quatsch Comedy Club
40%
M ZDF Late Night-Politik-Talkshow Markus Lanz
35%
K Premiere / ProSieben / Tele 5 Fernsehparodien von Oliver Kalkofes Mattscheibe
32%
F Das Erste / Drittprogramme Musikvideosendung der 80er Formel Eins
28%
Z WDR WG-Talk mit Christine Westermann und Götz Alsmann Zimmer frei!
28%
Y RTL Nitro Sendung zu einem bekannten Comic-Magazin mit Gimmick Yps – Die Sendung
25%
P Das Erste Ältestes Politikmagazin Panorama
17%
J Sat 1 Quizshow mit zwölf Kandidaten gleichzeitig Jeder gegen Jeden
12%
R Tele 5 / RTL II Tägliche schnelle Spielshow der 90er mit über 2000 Folgen Ruck Zuck
11%
O BR Bairische Kabarettsendung Ottis Schlachthof
10%
Keine übereinstimmenden Quizze gefunden
Verteilung der Resultate
Anzahl Personen mit jedem Resultat
Perzentil nach korrekt beantworteten Fragen
Ihre Resultats-Entwicklung
Sie haben dieses Quiz noch nicht gespielt